| 000 | 01436nam a2200349 a 4500 | ||
|---|---|---|---|
| 001 | 82101 | ||
| 003 | BD-RjUL | ||
| 005 | 20231012130234.0 | ||
| 008 | 231011s2016 nyu 001 0 eng | ||
| 020 | _a9781138023437 (pbk.) | ||
| 020 | _a9781138023420 (hardback) | ||
| 020 | _z9781315776477 (ebook) | ||
| 035 | _a(BD-RjUL) 82101 | ||
| 040 |
_aDLC _beng _cDLC _erda _dDLC _dBD-RjUL |
||
| 041 | _aeng | ||
| 082 | 0 | 0 |
_223 _a792.024 _bKAS 2016 |
| 100 | 1 |
_aKaye, Deena. _99510 |
|
| 245 | 1 | 0 |
_aSound and music for the theatre : _bthe art and technique of design / _cDeena Kaye, James LeBrecht. |
| 250 | _aFourth edition. | ||
| 264 | 1 |
_aNew York ; _aAbingdon, Oxon : _bRoutledge, Taylor & Francis Group, : _bFocal Press, _c2016. |
|
| 300 |
_axxx, 396 pages ; _c24 cm |
||
| 336 |
_atext _2rdacontent |
||
| 337 |
_aunmediated _2rdamedia |
||
| 338 |
_avolume _2rdacarrier |
||
| 500 | _aIncludes index. | ||
| 505 | 0 | _aThe evolution of sound design -- The foundation of sound design -- Developing the concept and design -- Research, resources, and selection -- The sound plot, magic sheets, and other paperwork -- Working with the theatre company -- Preparing to build the cues -- Building the show -- Rehearsals -- Running the show -- Approaches and techniques. | |
| 650 | 0 |
_aTheaters _xSound effects. _99511 |
|
| 650 | 0 |
_aMusic in the theater. _99512 |
|
| 700 | 1 |
_aLeBrecht, James. _99513 |
|
| 942 |
_2ddc _cBK |
||
| 999 |
_c82101 _d82101 |
||